000 01345cam a22002891 4500
001 l 41000031
003 DLC
005 20260227111537.0
008 781122s1941 dcua f000 0 eng c
010 _al 41000031
035 _a(OCoLC)4393793
040 _aU.S. Dept. of Labor. Libr.
_cWMUW
_dWMUW
_dOCoLC
_dDLC
050 0 0 _aHD8051
_b.A62 no. 640
082 _a331.06173
110 1 _aUnited States.
_bBureau of Labor Statistics.
245 1 0 _aMoney disbursements of employed wage earners and clerical workers in twelve cities of the South, 1934-36,
_cby Faith M. Williams and Alice C. Hanson, assisted by Genevieve B. Wimsatt of the Bureau of Labor Statistics.
260 _aWashington,
_bU.S. Govt. Print. Off.,
_c1941.
300 _axii, 700 p.
_btables, diagrs., forms.
_c23 cm.
490 1 _aIts Bulletin
_vno. 640
500 _aAt head of title: United States Department of Labor, Frances Perkins, secretary. Bureau of Labor Statistics, Isador Lubin, commissioner.
650 0 _aCost and standard of living
_zUnited States.
650 0 _aCost and standard of living
_zSouthern States.
700 1 _aWilliams, Faith M.
_q(Faith Moors),
_d1893-
700 1 _aJones, Alice Hanson,
_d1904-
700 1 _aWimsatt, Genevieve B.
_q(Genevieve Beckwith),
_d1912-
810 1 _aUnited States.
_bBureau of Labor Statistics.
_tBulletin
_vno. 640.
999 _c36356
_d36356